Metodológia a aplikácie SVAR modelov diplomová práca

Enregistré dans:
Détails bibliographiques
Auteur principal: Žuchovská, Lenka
Collectivité auteur: Fakulta hospodárskej informatiky EU. Katedra operačného výskumu a ekonometrie
Autres auteurs: Lukáčik, Martin, 1974-
Format: Livre
Langue:slovaque
Publié: Bratislava 2018
Tags: Ajouter un tag
Pas de tags, Soyez le premier à ajouter un tag!

MARC

LEADER 00000nbm a2200000 4500
001 0243604
005 20180917084426.1
041 0 |a slo 
044 |a SK 
245 1 0 |a Metodológia a aplikácie SVAR modelov  |b diplomová práca  |c Lenka Žuchovská ; školiteľ: Martin Lukáčik 
264 1 |a Bratislava  |c 2018 
300 |a 49 s. 
100 1 |a Žuchovská, Lenka 
700 1 |a Lukáčik, Martin, 1974- 
710 2 |a Fakulta hospodárskej informatiky EU. Katedra operačného výskumu a ekonometrie